LEADER 01000nam0 2200289 450 001 000010993 005 20181129134623.0 010 $a88-13-16844-6 100 $a20080512d1990----km-y0itay50------ba 101 0 $aita 102 $aIT 105 $ay-------001yy 200 1 $a<>disciplina della frode fiscale$fGiuseppe Serao, Stefano Piccioli 210 $aPadova$cCEDAM$d1990 215 $aXVII, 407 p.$d24 cm 225 2 $a<>diritto tributario commentato$hSer. 1$i[Monografie]$v77 410 0$12001$a<>diritto tributario commentato 610 1 $aReati fiscali 676 $a345.450233$v20$9Reati contro le finanze pubbliche. Italia 676 $a345.450233$v21$9Reati contro le finanze pubbliche. Italia 700 1$aSerao,$bGiuseppe$0233849 701 1$aPiccioli,$bStefano$0233850 801 0$aIT$bUNIPARTHENOPE$c20080512$gRICA$2UNIMARC 912 $a000010993 951 $a343.04/112$b30607$cNAVA4 996 $aDisciplina della frode fiscale$9688678 997 $aUNIPARTHENOPE